Géopolitiques de la culture : L'artiste, le diplomate et l'entrepreneur (notice n° 1926150)

détails MARC
000 -LEADER
fixed length control field 01619cam a2200157 4500500
005 - DATE AND TIME OF LATEST TRANSACTION
control field 20260329023309.0
041 ## - LANGUAGE CODE
Language code of text/sound track or separate title fre
042 ## - AUTHENTICATION CODE
Authentication code dc
100 10 - MAIN ENTRY--PERSONAL NAME
Personal name Aboudrar, Bruno Nassim
Relator term author
245 00 - TITLE STATEMENT
Title Géopolitiques de la culture : L'artiste, le diplomate et l'entrepreneur
260 ## - PUBLICATION, DISTRIBUTION, ETC.
Name of publisher, distributor, etc. Armand Colin,<br/>
Date of publication, distribution, etc. 2021.<br/>
520 ## - SUMMARY, ETC.
Summary, etc. Polémique autour du Louvre Abu Dhabi, débats sur la restitution du patrimoine africain, questions liées à la reconstruction post-conflit… l’enjeu culturel est central dans l’évolution des relations internationales qu’il permet d’éclairer sous un angle original. Cet ouvrage propose d’analyser l’ensemble des enjeux de la culture dans le monde dans leur dimension à la fois politique, économique et artistique. Comment la culture, via les politiques culturelles et économiques menées par les Etats, est-elle devenue un instrument stratégique pour développer leur influence dans le concert des nations (soft power, smart power, nation branding, marketing culturel)&amp;#8239;? Quels sont les enjeux économiques de la culture et les outils à disposition des organisations culturelles et des majors des industries culturelles pour renforcer leurs parts de marché&amp;#8239;? Enfin quelles stratégies les artistes – et notamment les artistes contemporains – et les acteurs du patrimoine mettent-ils en œuvre pour s’adapter au monde globalisé&amp;#8239;?
700 10 - ADDED ENTRY--PERSONAL NAME
Personal name Mairesse, François
Relator term author
700 10 - ADDED ENTRY--PERSONAL NAME
Personal name Martin, Laurent
Relator term author
856 41 - ELECTRONIC LOCATION AND ACCESS
Uniform Resource Identifier <a href="https://shs.cairn.info/geopolitiques-de-la-culture--9782200628222?lang=fr&redirect-ssocas=7080">https://shs.cairn.info/geopolitiques-de-la-culture--9782200628222?lang=fr&redirect-ssocas=7080</a>

Pas d'exemplaire disponible.

PLUDOC

PLUDOC est la plateforme unique et centralisée de gestion des bibliothèques physiques et numériques de Guinée administré par le CEDUST. Elle est la plus grande base de données de ressources documentaires pour les Étudiants, Enseignants chercheurs et Chercheurs de Guinée.

Adresse

627 919 101/664 919 101

25 boulevard du commerce
Kaloum, Conakry, Guinée

Réseaux sociaux

Powered by Netsen Group @ 2025